Hélio Oiticica

Salvato in:
Dettagli Bibliografici
Natura: Libro
Lingua:spagnolo
Pubblicazione: Londres Alias 2009
Edizione:1a. ed
Soggetti:
Tags: Aggiungi Tag
Nessun Tag, puoi essere il primo ad aggiungerne!!

MARC

LEADER 00000cam a2200000 a 4500
001 UCD2552
003 CL-VaPUC
008 160428e20090000uk |||||||||||||||||spa|d
082 0 4 |a 709.04075  |b HEL  |2 21 
245 1 0 |a Hélio Oiticica 
250 |a 1a. ed 
300 |a 334 p 
942 |c BK 
945 |d 20160428 21:50:00  |a arojas 
260 |a Londres  |b Alias  |c 2009 
650 0 |a Arte conceptual  |9 341272 
650 0 |a Crítica e interpretación   |9 255042 
650 0 |a Arte contemporáneo  |9 338008 
651 0 |a Brasil  |9 267393 
583 |a last modification  |c 20160428 21:50:00  |k Rodrigo Vera 
999 |c 363706  |d 363704 
952 |0 0  |1 0  |3 erb  |4 0  |6 709_040750000000000_HEL_2009  |7 0  |8 R  |9 476363  |a BIBART  |b BIBART  |i 5284430  |l 3  |m 3  |o 709.04075 HEL 2009  |p 5284430  |q 2025-07-25  |r 2025-03-24  |s 2025-03-24  |w 2019-11-24  |y BK_R  |z Catalogado en:20160428  |k ART